| 000 | 00372nam a22001571a 4500 | ||
|---|---|---|---|
| 020 | _a9788170814023 | ||
| 082 |
_aS 792.8 _bUNN/N |
||
| 100 |
_aUnni N P _9112902 |
||
| 245 |
_aNatya sastra (v.2)/ _cby Unni N P. |
||
| 260 |
_aDelhi: _bNag, _c1998. |
||
| 300 | _a886p. | ||
| 650 |
_aNatyasastram _9112903 |
||
| 650 |
_aDance _9112904 |
||
| 650 |
_aArts _9112905 |
||
| 942 | _cBK | ||
| 999 |
_c30795 _d30795 |
||